L'Hospitalet : la història de tots nosaltres : 1930-1936 / Joan Camós i Cabecerán la història de tots nosaltres :
ISBN:
84-505-3512-3
Descripción Física:
196 p. ; 24 cm
Colección:
Col·lecció d'estudis locals i comarcals ; 1
MARC
| LEADER | 00000nam a2200000Ia 4500 | ||
|---|---|---|---|
| 001 | 2051 | ||
| 008 | 160829s9999 xx 000 0 cat d | ||
| 020 | |a 84-505-3512-3 | ||
| 080 | |a H-1-106 | ||
| 100 | |a Camós i Cabecerán, Joan |9 39252 | ||
| 245 | |a L'Hospitalet : |b la història de tots nosaltres : |b 1930-1936 / Joan Camós i Cabecerán | ||
| 260 | |a Barcelona : |b Diputació de Barcelona, DL 1986 | ||
| 300 | |a 196 p. ; |c 24 cm | ||
| 490 | |a Col·lecció d'estudis locals i comarcals ; 1 | ||
| 650 | |a Hospitalet de Llobregat |x Història |x 1930/1936 |9 39253 | ||
| 710 | 1 | |a Barcelona (Catalunya : Província). |b Diputació |9 52408 | |
| 901 | |a Arxiu | ||
| 942 | |n 1 | ||
| 952 | |0 0 |1 0 |4 0 |6 H1106 |7 1 |9 48892 |a Arxiu |b Arxiu |d 2016-12-01 |l 0 |o H-1-106 |p 2051 |r 2016-12-01 00:00:00 |w 2016-12-01 |y ARXIU | ||
| 999 | |c 52727 |d 52727 | ||